|
|
|
|
| LEADER |
01307nam a2200337 4500 |
| 001 |
DLU120132056 |
| 005 |
##20120224 |
| 040 |
# |
# |
|a DLU
|b vie
|
| 041 |
# |
# |
|a vie
|
| 044 |
# |
# |
|a vn
|
| 082 |
# |
# |
|a 006.696
|b NG-S
|
| 100 |
# |
# |
|a Nguyễn Trường Sinh,
|e chủ biên.
|
| 245 |
# |
# |
|a Lập trình ActionScript cho Flash.
|n t.I /
|c Nguyễn Trường Sinh, Lê Minh Hoàng, Hoàng Đức Hải.
|
| 260 |
# |
# |
|a H. :
|b Lao động - Xã hội,
|c 2007.
|
| 300 |
# |
# |
|a 392 tr. :
|b minh hoạ ;
|c 24 cm.
|
| 505 |
# |
# |
|a Chương mở đầu -- Chương 1. Flash tương tác -- Chương 2. Lên kế hoạch -- Chương 3. Phim có khả năng ghi nhớ -- Chương 4. Phim tự quyết định -- Chương 5. Tăng năng lực, giảm mã kịch bản -- Chương 6. Phim ghi nhớ cách thực hiện công việc -- Chương 7. Các đối tượng và lớp -- Chương 8. Các đối tượng trên vùng thể hiện.
|
| 650 |
# |
# |
|a ActionScript (Ngôn ngữ chương trình máy tính).
|
| 700 |
# |
# |
|a Hoàng Đức Hải.
|
| 700 |
# |
# |
|a Lê Minh Hoàng.
|
| 923 |
# |
# |
|a 18/2011
|
| 990 |
# |
# |
|a t.I
|
| 991 |
# |
# |
|a GT
|
| 992 |
# |
# |
|a 79000
|
| 994 |
# |
# |
|a DLU
|
| 900 |
# |
# |
|a True
|
| 911 |
# |
# |
|a Nguyễn Thanh Hương
|
| 925 |
# |
# |
|a G
|
| 926 |
# |
# |
|a A
|
| 927 |
# |
# |
|a SH
|
| 980 |
# |
# |
|a Thư viện Trường Đại học Đà Lạt
|